000 00712nam a2200217Ia 4500
003 GCL
008 140319s9999 xx 000 0 ara d
040 _aGCL /
_cGCL
082 0 4 _a091.1
_bع م
100 1 _aعزت ياسين ابوهيبة
245 1 0 _aالمخطوطات العربية: فهارسها وفهرستها ومواطنها فى جمهورية مصر العربية /
_cعزت ياسين ابوهيبة
300 _a418 ص
490 _a
650 0 4 _aالتراث
650 0 4 _aالكتابة
650 0 4 _aالمخطوطات العربية
650 0 4 _aالحضارة الاسلامية
650 0 4 _aالفهارس
650 0 4 _aالمخطوطات - فهرسة
942 _2ddc
_cBK
999 _c37784
_d37784